000 00611nam a2200217Ia 4500
003 OSt
005 20220923225626.0
006 a|||||r|||| 00| 0
007 ta
008 220922b |||||||| |||| 00| 0 hin d
024 _a272,669
037 _cTextual
040 _aARTS
_cARTS
_bhin
041 _2hin
_ahin
082 _aa12-3153, 153M5
100 _aਸਿੰਘ, ਧਰਮ
245 0 _aਪੰਜਾਬੀ ਦੇ ਪ੍ਰਵਾਨਿਤ ਖੋਜ ਪ੍ਰਬੰਧ
260 _c1985
942 _ha12-3153, 153M5
_cTEXL
_2CC
999 _c379521
_d379521